<?xml version="1.0" encoding="UTF-8"?>
<record
    xmlns:xsi="http://www.w3.org/2001/XMLSchema-instance"
    xsi:schemaLocation="http://www.loc.gov/MARC21/slim http://www.loc.gov/standards/marcxml/schema/MARC21slim.xsd"
    xmlns="http://www.loc.gov/MARC21/slim">

  <leader>03895cam a2200277   4500500</leader>
  <controlfield tag="005">20260329011340.0</controlfield>
  <datafield tag="041" ind1=" " ind2=" ">
    <subfield code="a">fre</subfield>
  </datafield>
  <datafield tag="042" ind1=" " ind2=" ">
    <subfield code="a">dc</subfield>
  </datafield>
  <datafield tag="100" ind1="1" ind2="0">
    <subfield code="a">Roux, Fr&#xE9;d&#xE9;rique</subfield>
    <subfield code="e">author</subfield>
  </datafield>
  <datafield tag="700" ind1="1" ind2="0">
    <subfield code="a">Mandin, Fran&#xE7;ois</subfield>
    <subfield code="e">author</subfield>
  </datafield>
  <datafield tag="700" ind1="1" ind2="0">
    <subfield code="a">Buffet, Marie-George</subfield>
    <subfield code="e">author</subfield>
  </datafield>
  <datafield tag="245" ind1="0" ind2="0">
    <subfield code="a">La fabrique du droit du sport&#xA0;: du projet politique &#xE0; la norme</subfield>
  </datafield>
  <datafield tag="260" ind1=" " ind2=" ">
    <subfield code="c">2026.
							</subfield>
  </datafield>
  <datafield tag="500" ind1=" " ind2=" ">
    <subfield code="a">85</subfield>
  </datafield>
  <datafield tag="520" ind1=" " ind2=" ">
    <subfield code="a">Dans le cadre d&#x2019;un entretien avec Fr&#xE9;d&#xE9;rique&#xA0;Roux et Fran&#xE7;ois&#xA0;Mandin qui s&#x2019;est tenu &#xE0; Paris le 14&#xA0;mars 2024 &#xE0; l&#x2019;Assembl&#xE9;e nationale, Marie-George&#xA0;Buffet, ancienne ministre des Sports, a expos&#xE9; sa vision actuelle du sport, notamment sur le volet l&#xE9;gislatif. Elle constate que le manque de d&#xE9;bat politique sur le sport malgr&#xE9; son importance sociale et &#xE9;conomique se traduit par l&#x2019;absence d&#x2019;une loi-cadre depuis 2003, date depuis laquelle les lois ont &#xE9;t&#xE9; vot&#xE9;es de mani&#xE8;re dispers&#xE9;e. Le manque de portage gouvernemental les rend inefficaces ou encore inop&#xE9;rantes. L&#x2019;absence d&#x2019;une &#xE9;valuation r&#xE9;guli&#xE8;re des effets attendus de la loi accentue l&#x2019;inefficacit&#xE9;. Parmi ses propositions, on retiendra plusieurs pistes&#xA0;: l&#x2019;instauration d&#x2019;une loi-cadre sur le sport, la mise en d&#xE9;bat des valeurs du sport (&#xE9;galit&#xE9;, transparence, &#xE9;thique), la cr&#xE9;ation d&#x2019;espaces de dialogue entre les politiques, la soci&#xE9;t&#xE9; civile et les universitaires, une &#xE9;valuation syst&#xE9;matique des lois deux ans apr&#xE8;s leur entr&#xE9;e en vigueur.</subfield>
  </datafield>
  <datafield tag="520" ind1=" " ind2=" ">
    <subfield code="a">In an interview conducted by Fr&#xE9;d&#xE9;rique Roux and Fran&#xE7;ois Mandin in Paris on March 14, 2024, Marie-George Buffet, former minister of sports, outlines her vision of sports law. She observes that the lack of political debate on sports, despite their social and economic importance, is reflected in the absence of a comprehensive framework law since 2003. Since then, laws have been passed in a piecemeal fashion. The lack of government support renders them ineffective or even non-functional. The absence of regular evaluations of the expected effects of the laws exacerbates this ineffectiveness. Among her proposals, several avenues stand out: the reinstatement of a comprehensive framework law on sports after the 2024 Olympic Games; the initiation of a debate on the values of sports (equality, transparency, ethics); the creation of spaces for dialogue between policymakers, civil society, and academics; and a systematic evaluation of laws two years after their entry into force.</subfield>
  </datafield>
  <datafield tag="520" ind1=" " ind2=" ">
    <subfield code="a">En el marco de una entrevista con Fr&#xE9;d&#xE9;rique Roux y Fran&#xE7;ois Mandin celebrada en Par&#xED;s el 14 de marzo de&#xA0;2024 en la Asamblea Nacional, Marie-George Buffet, exministra de Deportes, expuso su visi&#xF3;n actual del deporte, en particular en lo que respecta al aspecto legislativo. Observa que la falta de debate pol&#xED;tico sobre el deporte, a pesar de su importancia social y econ&#xF3;mica, se traduce en la ausencia de una ley marco desde 2003, fecha desde la cual las leyes pertinentes se han aprobado de manera dispersa. La falta de apoyo gubernamental las hace ineficaces o incluso inoperantes. La falta de una evaluaci&#xF3;n peri&#xF3;dica de los efectos previstos de la ley acent&#xFA;a su ineficacia. Entre sus propuestas, cabe destacar varias ideas: la instauraci&#xF3;n de una ley marco sobre el deporte, el debate sobre los valores del deporte (igualdad, transparencia, &#xE9;tica), la creaci&#xF3;n de espacios de di&#xE1;logo entre el sector pol&#xED;tico, la sociedad civil y el sector acad&#xE9;mico, y una evaluaci&#xF3;n sistem&#xE1;tica de las leyes dos a&#xF1;os despu&#xE9;s de su entrada en vigor.</subfield>
  </datafield>
  <datafield tag="690" ind1=" " ind2=" ">
    <subfield code="a">droit du sport</subfield>
  </datafield>
  <datafield tag="690" ind1=" " ind2=" ">
    <subfield code="a">fabrique du droit</subfield>
  </datafield>
  <datafield tag="690" ind1=" " ind2=" ">
    <subfield code="a">projet politique</subfield>
  </datafield>
  <datafield tag="690" ind1=" " ind2=" ">
    <subfield code="a">law-making</subfield>
  </datafield>
  <datafield tag="690" ind1=" " ind2=" ">
    <subfield code="a">political project</subfield>
  </datafield>
  <datafield tag="690" ind1=" " ind2=" ">
    <subfield code="a">sports law</subfield>
  </datafield>
  <datafield tag="786" ind1="0" ind2=" ">
    <subfield code="n">Staps | 155 | 2 | 2026-03-16 | p. 113-120 | 0247-106X</subfield>
  </datafield>
  <datafield tag="856" ind1="4" ind2="1">
    <subfield code="u">https://shs.cairn.info/revue-staps-2026-2-page-113?lang=fr&amp;redirect-ssocas=7080</subfield>
  </datafield>
  <datafield tag="999" ind1=" " ind2=" ">
    <subfield code="c">1860808</subfield>
    <subfield code="d">1860808</subfield>
  </datafield>
</record>
